| 000 | 00586nam a22001577a 4500 | ||
|---|---|---|---|
| 999 |
_c130043 _d130043 |
||
| 008 | 191114b ||||| |||| 00| 0 eng d | ||
| 050 |
_aGE160.M85 _bM69 1990 |
||
| 100 |
_aChonguica, Ebenizario M.W. et al... _948705 |
||
| 245 |
_aMozambique _bthe present environmental situation 1990 _cEbenizario M.W. Chonguica, et al... |
||
| 260 |
_aMozambique _bNORAD _c1990 |
||
| 300 |
_a(2v.), ; _c30cm. |
||
| 650 |
_aEnvironmental degradation _zMozambique _948706 |
||
| 650 |
_aHuman ecology _zMozambique _948707 |
||
| 651 |
_aMozambique _xEnvironmental conditions _948708 |
||
| 942 |
_2lcc _cMONOGRAPH |
||